Ч. 2 : Офисная технология и информационные системы; Информационные технологии

Dades bibliogràfiques
Parent link:Информационные технологии: учебное пособие/ Ю. А. Шафрин. Ч. 2 : Офисная технология и информационные системы.— , 2000
Idioma:rus
Publicat: 2000
Matèries:
Format: Llibre
KOHA link:https://koha.lib.tpu.ru/cgi-bin/koha/opac-detail.pl?biblionumber=23709

MARC

LEADER 00000nam0a2200000 4500
001 23709
005 20231030195908.0
010 |a 5932080213 
035 |a (RuTPU)RU\TPU\book\23934 
035 |a BOOK00024007 
090 |a 23709 
100 |a 20011209d2000 m y0rusy50 ca 
101 0 |a rus 
102 |a RU 
105 |a y j 000zy 
200 0 |a Ч. 2 : Офисная технология и информационные системы 
210 |d 2000 
215 |a 336 с. 
461 |t Информационные технологии  |o учебное пособие  |o В 2-х ч.  |v Ч. 2 : Офисная технология и информационные системы  |f Ю. А. Шафрин  |d 2000  |s Информатика 
610 1 |a информатика 
610 1 |a информационные технологии 
610 1 |a информационные системы 
610 1 |a графические изображения 
610 1 |a текстовые файлы 
610 1 |a текстовые документы 
610 1 |a редактирование 
610 1 |a электронные таблицы 
610 1 |a Internet 
610 1 |a Access 
610 1 |a Word 
610 1 |a учебные пособия 
675 |a 681.3.01(07)  |v 3 
801 0 |a RU  |b 63413507  |c 20011209  |g PSBO 
801 2 |a RU  |b 63413507  |c 20210617  |g PSBO 
942 |c BK